000
00328nam a2200121Ia 4500
008
190722s9999 xx 000 0 und d
020
_a
978-81-265-5915-2
100
_a
Romilla Ready Kate Burton
245
0
_a
Neuro-linguistic Programming for Dummies
260
_a
Delhi
_b
Wiley India Pvt Ltd.
_c
2016
300
_a
408
942
_c
BK
999
_c
311
_d
311